000 00283nam a22001097a 4500
041 _aeng
080 _a80
100 _aБуковская, М. В.
245 _aСловарь употребительних английских пословиц.
650 _aGerman
999 _c278594
_d278594
942 _cBK